Biodiversidad (Registro nro. 1738)

Detalles MARC
000 -CABECERA
Campo de control 00619nam a2200193 a 4500
005 - FECHA Y HORA DE LA ULTIMA TRANSACCION
Campo de control 20200104041524.0
008 - ELEMENTOS DE LONGITUD FIJA—INFORMACION GENERAL
Campo de control 140121b1999 ck ||||| |||| 00| 0 spa d
020 ## - ISBN
ISBN 9586532178
040 ## - FUENTE DE CATALOGACIÓN
Agencia catalogadora original Co-BoIH
Agencia transcriptora Co-BoIH
041 ## - IDIOMA
Código de idioma para texto/pista de sonido o título separado Español
044 ## - PAÍS DE PUBLICACIÓN
País de publicación Colombia
090 ## - CLASIFICACIÓN LOCAL
Colección IAvH
Consecutivo 00109
100 ## - ASIENTO PRINCIPAL--NOMBRE PERSONAL
Nombre personal Pardo Fajardo, María del Pilar
110 ## - ASIENTO PRINCIPAL--NOMBRE CORPORATIVO
Unidad subordinad Instituto de Investigación de Recursos Biológicos Alexander von Humboldt
245 ## - MENCION DE TITULO
Título Biodiversidad
Parte restante del título análisis normativo y de competencias para Colombia
260 ## - PUBLICACION, DISTRIBUCION, ETC. (PIE DE IMPRENTA)
Lugar de publicación, distribución, etc. Bogotá
Nombre del editor, distribuidor, etc. Instituto Alexander von Humboldt
-- Legis
Fecha de publicación, distribución, etc. 1999
300 ## - DESCRIPCION FISICA
Extensión 713 p.
942 ## - ELEMENTOS ADICIONALES (KOHA)
Tipo de ítem Libro
Sistema de clasificación Dewey Decimal Classification
Koha issues (borrowed), all copies 2
Existencias
Withdrawn status Lost status Sistema de Clasificación Damaged status No para préstamo Colección Inventariado Ubicación Permanente Ubicación actual Fecha de adquisición Valor Total Checkouts Número topográfico Inventario / Código de Barras Date last seen Ejemplar Price effective from Forma de adquisición Tipo de material Fuente de Valor Public note Date checked out
    Local     Humboldt   Bogotá Bogotá 09/02/2006     IAvH-00109 023088 04/12/2012 V. 1 Ej. 1 04/12/2012   Libro CID Humboldt    
    Local     Audiovisual   Bogotá Bogotá 09/02/2006     AV-00109 023089 04/12/2012 V.1 Ej.1 04/12/2012 Institucional CD-ROM CID Humboldt Biodiversidad: análisis normativo y de competencias para Colombia  
    Local     Humboldt   Bogotá Bogotá 09/02/2006     IAvH-00109 023090 04/12/2012 V. 1 Ej. 2 04/12/2012   Libro CID Humboldt    
    Local     Humboldt   Bogotá Bogotá 09/02/2006     IAvH-00109 023091 04/12/2012 V. 1 Ej. 3 04/12/2012   Libro CID Humboldt    
    Dewey Decimal Classification     Humboldt Inventariado 2017 Bogotá Bogotá 09/02/2006 39000.00 1 IAvH-346.0469 P22b 023092 17/02/2014 V. 2 Ej. 1 04/12/2012 Institucional Libro CID Humboldt   17/02/2014
    Local   No para Préstamo Audiovisual   Bogotá Bogotá 21/02/2017     AV-00109 042552 21/02/2017 V.1 Ej.2 21/02/2017 Institucional Libro      
    Dewey Decimal Classification     Audiovisual Inventariado 2017 Sala Fabio Quevedo Sala Fabio Quevedo 18/07/2014     IAvH-346.0469 P22b 004039 04/12/2012 V.1 Ej. 2 04/12/2012   CD-ROM      
    Dewey Decimal Classification     Audiovisual Inventariado 2017 Sala Fabio Quevedo Sala Fabio Quevedo 18/07/2014     IAvH-346.0469 P22b 004040 04/12/2012 V. 1 Ej. 3 04/12/2012 Institucional CD-ROM      
    Dewey Decimal Classification     Humboldt Inventariado 2017 Sala Fabio Quevedo Sala Fabio Quevedo 18/07/2014 39000.00   IAvH-346.0469 P22b 004044 04/12/2012 V. 2 Ej. 2 04/12/2012 Institucional Libro      
    Dewey Decimal Classification     Humboldt Inventariado 2017 Sala Fabio Quevedo Sala Fabio Quevedo 18/07/2014 39000.00   IAvH-346.0469 P22b 004046 18/04/2013 V. 2 Ej. 3 04/12/2012   Libro      
    Local     Humboldt Inventariado 2017 Villa de Leyva Villa de Leyva 27/09/1999 39000.00   IAvH-00109 004038 04/12/2012 V. 1 Ej. 1 04/12/2012 Institucional Libro